Construction and characterization of a biotin-regulated gene expression system in Escherichia coli /
Gorde:
| Egile nagusia: | |
|---|---|
| Beste egile batzuk: | |
| Formatua: | Artikulua |
| Hizkuntza: | English |
| Gaiak: | |
| Etiketak: |
Etiketa erantsi
Etiketarik gabe, Izan zaitez lehena erregistro honi etiketa jartzen!
|
| Thư viện lưu trữ: | Thư viện Trường Đại học Đà Lạt |
|---|
| LEADER | 00883nam a2200289 4500 | ||
|---|---|---|---|
| 001 | DLU090090965 | ||
| 005 | ##20091201 | ||
| 040 | # | # | |a DLU |b eng |
| 041 | # | # | |a eng |
| 044 | # | # | |a us |
| 100 | # | # | |a Chang, Yuo-Sheng. |
| 245 | # | # | |a Construction and characterization of a biotin-regulated gene expression system in Escherichia coli / |c Yuo-Sheng Chang, David Shiuan. |
| 653 | # | # | |a Biotin |
| 653 | # | # | |a Gene expression |
| 653 | # | # | |a Recombinant DNA |
| 653 | # | # | |a Regulation |
| 700 | # | # | |a Shiuan, David. |
| 773 | # | # | |t Applied Biochemistry and Biotechnology |g Vol. 66, no. 2 (May 1997), p. 147-158 |
| 920 | # | # | |a Phòng Tạp chí -- Trung tâm Thông tin - Thư viện Trường Đại học Đà Lạt |
| 994 | # | # | |a DLU |
| 900 | # | # | |a True |
| 911 | # | # | |a Trương Bảo Trâm Anh |
| 925 | # | # | |a G |
| 926 | # | # | |a A |
| 927 | # | # | |a BB |
| 980 | # | # | |a Thư viện Trường Đại học Đà Lạt |